[Event "Vancouver Intermat"]
[Site "Vancouver"]
[Date "2018.05.05"]
[Round "2.3"]
[White "Chinni, Rishabh"]
[Black "Gao, Justin Jialin"]
[Result "1/2-1/2"]
[WhiteElo "1261"]
[BlackElo "829"]
[PlyCount "154"]
[EventDate "2018.05.05"]
[EventType "tourn"]
[EventRounds "2"]
[EventCountry "CAN"]
[SourceTitle "EXT 2022"]
[Source "ChessBase"]
[SourceDate "2021.10.06"]
[SourceVersion "1"]
[SourceVersionDate "2021.10.06"]
[SourceQuality "1"]

1. d4 d5 2. Nc3 Bf5 3. Nf3 Nc6 4. e3 a6 5. Bd3 e6 6. 0-0 Nf6 7. Bd2 Bd6 8. Re1 0-0 9. e4 Bg4 10. e5 Be7 11. exf6 Bxf6 12. Be2 Bxd4 13. Nxd4 e5 14. Nxc6 Bxe2 15. Nxd8 Bxd1 16. Raxd1 Raxd8 17. Rxe5 d4 18. Nd5 c6 19. Ne7+ Kh8 20. Bb4 Rfe8 21. Ng6+ fxg6 22. Rxe8+ Rxe8 23. Rxd4 c5 24. Rc4 cxb4 25. f3 h6 26. Rxb4 Re2 27. Rxb7 Rxc2 28. Rb8+ Kh7 29. h4 Rd2 30. Kh2 h5 31. Kh3 Rc2 32. g3 Rf2 33. f4 Rc2 34. Ra8 Rxb2 35. Rxa6 Rc2 36. Ra5 Rb2 37. f5 gxf5 38. Rxf5 Kg6 39. Rg5+ Kh6 40. a4 Ra2 41. a5 Ra3 42. Kg2 g6 43. Rb5 Kg7 44. Rc5 Kf6 45. Rc6+ Kg7 46. a6 Kh6 47. Kh3 Ra4 48. Rd6 Ra1 49. Rc6 Ra4 50. Kh2 Ra2+ 51. Kh1 Ra4 52. Kh2 Ra2+ 53. Kg1 Ra4 54. Kf1 Ra1+ 55. Kf2 Ra3 56. Kg2 Ra5 57. Kh3 Ra3 58. Rb6 Ra5 59. Rb8 Rxa6 60. Rb4 Ra2 61. g4 Ra3+ 62. Kg2 Ra2+ 63. Kf3 Ra3+ 64. Kf4 hxg4 65. Kxg4 Ra5 66. Rb6 Ra4+ 67. Kh3 Ra3+ 68. Kg4 Ra4+ 69. Kg3 Ra3+ 70. Kh2 Ra2+ 71. Kg3 Ra3+ 72. Kg2 Ra2+ 73. Kf3 Ra3+ 74. Kf4 Ra4+ 75. Kg3 Ra3+ 76. Kf2 Ra2+ 77. Kg3 Ra3+ 1/2-1/2

[Event "Vancouver Intermat"]
[Site "Vancouver"]
[Date "2018.05.05"]
[Round "1.4"]
[White "Jiang, William"]
[Black "Chinni, Rishabh"]
[Result "0-1"]
[WhiteElo "767"]
[BlackElo "1261"]
[PlyCount "146"]
[EventDate "2018.05.05"]
[EventType "tourn"]
[EventRounds "2"]
[EventCountry "CAN"]
[SourceTitle "EXT 2022"]
[Source "ChessBase"]
[SourceDate "2021.10.06"]
[SourceVersion "1"]
[SourceVersionDate "2021.10.06"]
[SourceQuality "1"]

1. e4 e5 2. Nf3 Nc6 3. Bb5 d6 4. d4 Bd7 5. dxe5 dxe5 6. Bxc6 Bxc6 7. Qxd8+ Rxd8 8. Nxe5 Bxe4 9. 0-0 Nf6 10. Re1 Be7 11. f3 Bxc2 12. Ng4 Nxg4 13. fxg4 Rd1 14. Bd2 Rxe1+ 15. Bxe1 Bc5+ 16. Bf2 Bxf2+ 17. Kxf2 0-0 18. Nc3 f5 19. Rc1 fxg4+ 20. Ke3 Bg6 21. Nd5 Re8+ 22. Kf4 Re4+ 23. Kg3 c6 24. Nf4 Bf5 25. Rc5 Bc8 26. Nd5 Re5 27. Kf4 Rxd5 28. Rxd5 cxd5 29. Ke5 h5 30. Kxd5 g5 31. Kd6 h4 32. g3 Kh7 33. Kc7 Bf5 34. Kxb7 a5 35. Kb6 Be6 36. Kxa5 Bxa2 37. b4 Bd5 38. Kb5 Kg6 39. Kc5 Ba8 40. Kd4 Kf5 41. Ke3 Bb7 42. b5 Bc8 43. b6 Bb7 44. Kd4 h3 45. Kd3 Ke5 46. Ke3 Kd5 47. Kd3 Kc6 48. Ke4 Bc8 49. Ke5 Kxb6 50. Kf6 Kc5 51. Kxg5 Kd4 52. Kf4 Kd3 53. Ke5 Ke3 54. Kd5 Kf2 55. Ke4 Kg2 56. Ke3 Kxh2 57. Kf2 Bf5 58. Kf1 Kxg3 59. Kg1 h2+ 60. Kf1 h1Q+ 61. Ke2 Qe4+ 62. Kf1 Qb1+ 63. Ke2 Bd3+ 64. Kd2 Qc2+ 65. Ke3 Qf2+ 66. Kxd3 Kh2 67. Ke4 g3 68. Ke5 g2 69. Kd6 g1R 70. Kc6 Rd1 71. Kb7 Qc2 72. Kb8 Rb1+ 73. Ka8 Qa2# 0-1